LEADER 01265nam a2200229 a 4500 001 991000133889707536 008 090320s2006 it 000 0 ita d 020 $a8889662115 035 $ab13818107-39ule_inst 040 $aDip.to Filologia Class. e Scienze Filosofiche$bita 100 1 $aAgrippa von Nettesheim, Heinrich Cornelius $0489574 245 10$aDe incertitudine e vanitate scientiarum e artium, atque excellentia Verbi Dei, declamatio / di Agrippa Enrico Cornelio 260 $aAicurzioe, Gruppo editoriale Castel Negrino,$cstampa 2006 300 $a1 v. (senza paginazione), ;$c21 cm 500 $aNel colophon: Riproduzione opere antiche di: Alchimia, Esoterismo, Magia, Religione, Spiritualitą, Documenti storici, Volumi rari e Manoscritti 534 $aFotoriproduzione dell'ed. :$cParisiis : Apud Sorbonam opera et impensa Ioannis Petri, 1531 907 $a.b13818107$b02-04-14$c20-03-09 912 $a991000133889707536 945 $aLE007 190 AGR 01.02$g1$i2007000191392$lle007$nLE007 2009 Spedicati$op$pE45.00$q-$rl$s- $t0$u0$v0$w0$x0$y.i15036649$z25-11-09 996 $aDe incertitudine e vanitate scientiarum e artium, atque excellentia verbi dei, declamatio$91084088 997 $aUNISALENTO 998 $ale007$b20-03-09$cm$da $e-$fita$git $h0$i0 LEADER 01287aam 2200397I 450 001 9910710282303321 005 20160121100808.0 024 8 $aGOVPUB-C13-48ea777a9a6bd4b742dff813a41ae8f8 035 $a(CKB)5470000002476461 035 $a(OCoLC)935499305 035 $a(EXLCZ)995470000002476461 100 $a20160121d1980 ua 0 101 0 $aeng 181 $2rdacontent 182 $2rdamedia 183 $2rdacarrier 200 10$aContainer board $ereport no. 122 /$fT. L. Cummings; J. Horlick 210 1$aGaithersburg, MD :$cU.S. Dept. of Commerce, National Institute of Standards and Technology,$d1980. 215 $a1 online resource 225 1 $aNBSIR ;$v80-1820 300 $a1980. 300 $aContributed record: Metadata reviewed, not verified. Some fields updated by batch processes. 300 $aTitle from PDF title page. 320 $aIncludes bibliographical references. 517 $aContainer board 700 $aCummings$b T. L$01386493 701 $aCummings$b T. L$01386493 701 $aHorlick$b J$01386491 712 02$aUnited States.$bNational Bureau of Standards. 801 0$bNBS 801 1$bNBS 801 2$bGPO 906 $aBOOK 912 $a9910710282303321 996 $aContainer board$93443812 997 $aUNINA